00976cam a22002655a 45000010009000000050017000090080041000260200018000670400033000850430012001180820020001302450104001502500012002542600054002663000034003205040051003546500046004056510010004516530022004617000033004837000028005169420008005449990017005529520141005691746729620170426133804.0120919s2012 ii frb 001 0 eng d a9788131427095 aDLCcDLCdDLCdEG-ScBUEbeng aa-ii---04222a332.11bCEN00aCentral banking governance :bissues and perspectives /cedited by Ravi Kumar Jain B., Sohani A. K. a1st ed. aAgartala, India :bIcfai University Press,c2012. axiv, 226 p. :bill. ;c23 cm. aIncludes bibliographical references and index. 0aBanks and banking, CentralzIndia.2BUEsh 2BUEsh bLLAAWWcApril20170 aRavi Kumar Jain B.,eeditor.1 aSohani, A. K.,eeditor. 2ddc c24712d24684 00102ddc40708Scien G.aMAINbMAINc1STd2017-04-26ePurchaseg350.00h666l0o332.11 CENp000041706r2025-07-15 00:00:00v437.50yBB